Statistics for Countries by Years

Click here to take the quiz!

General Stats

  • This quiz has been taken 45 times
  • The average score is 8 of 20

Answer Stats

HintAnswer% Correct
1776, 1861, 1941United States
90%
1789, 1815, 1940France
76%
1914, 1939, 1989Germany
76%
1066, 1642, 1997England/United Kingdom
71%
1492, 1898, 1936Spain
63%
753 BC, 44 BC, 476Roman Empire
54%
1922, 1941, 1991Soviet Union
54%
1281, 1937, 1945Japan
39%
3,000 BC, 30 BC, 1922Egypt
37%
300,000 BC, 1936, 1991Ethiopia
37%
1492, 1898, 1962Cuba
34%
1980, 1990, 2003Iraq
34%
336 BC, 1829, 2009Greece
29%
1810, 1973, 1982Argentina
27%
1914, 1991, 2008Serbia
27%
1812, 1867, 1982Canada
22%
1299, 1453, 1922Ottoman Empire
22%
1791, 1804, 2010Haiti
15%
1800 B.C, 1810, 1848Mexico
10%
1652, 1934, 1994South Africa
2%

Score Distribution

Percentile by Number Answered

Percent of People with Each Score

Your Score History

You have not taken this quiz